<?xml version="1.0" encoding="UTF-8"?>
<record
    xmlns:xsi="http://www.w3.org/2001/XMLSchema-instance"
    xsi:schemaLocation="http://www.loc.gov/MARC21/slim http://www.loc.gov/standards/marcxml/schema/MARC21slim.xsd"
    xmlns="http://www.loc.gov/MARC21/slim">

  <leader>02618nam a2200301 a 4500</leader>
  <controlfield tag="003">DO-SdBNP</controlfield>
  <controlfield tag="005">20250203105242.0</controlfield>
  <controlfield tag="007">ta</controlfield>
  <controlfield tag="008">221116e2022    dr  |||gr|||| 001 edspa d</controlfield>
  <datafield tag="020" ind1=" " ind2=" ">
    <subfield code="a">9789945250329</subfield>
  </datafield>
  <datafield tag="040" ind1=" " ind2=" ">
    <subfield code="a">DO-SdBNP</subfield>
    <subfield code="b">spa</subfield>
    <subfield code="c">BNPHU</subfield>
  </datafield>
  <datafield tag="082" ind1=" " ind2="4">
    <subfield code="2">22</subfield>
    <subfield code="b">G897R</subfield>
  </datafield>
  <datafield tag="100" ind1="1" ind2=" ">
    <subfield code="a">Rojas Osorio, Carlos</subfield>
    <subfield code="d">1946-</subfield>
    <subfield code="9">808</subfield>
  </datafield>
  <datafield tag="245" ind1="1" ind2="0">
    <subfield code="a">Pablo Guadarrama Gonz&#xE1;lez: </subfield>
    <subfield code="b">fil&#xF3;sofo latinaomericano. /</subfield>
    <subfield code="c">Carlos Rojas Osorio; Pr&#xF3;logo, Federico Jos&#xE9; &#xC1;lvarez</subfield>
  </datafield>
  <datafield tag="260" ind1=" " ind2=" ">
    <subfield code="a">Santo Domingo :</subfield>
    <subfield code="b">Archivo General de la Naci&#xF3;n,</subfield>
    <subfield code="c">2022</subfield>
  </datafield>
  <datafield tag="300" ind1=" " ind2=" ">
    <subfield code="a">452 p. ;</subfield>
    <subfield code="c">23 cm.</subfield>
  </datafield>
  <datafield tag="490" ind1="1" ind2=" ">
    <subfield code="a">Archivo General de la Naci&#xF3;n ;</subfield>
    <subfield code="v">442</subfield>
  </datafield>
  <datafield tag="500" ind1=" " ind2=" ">
    <subfield code="a">Incluye datos biogr&#xE1;ficos del autor en las solapas de las cubiertas</subfield>
  </datafield>
  <datafield tag="500" ind1=" " ind2=" ">
    <subfield code="a">Incluye datos y notas al pi&#xE9; de p&#xE1;ginas.</subfield>
  </datafield>
  <datafield tag="504" ind1=" " ind2=" ">
    <subfield code="a">Bibliograf&#xED;a: p. 389 - 447</subfield>
  </datafield>
  <datafield tag="505" ind1=" " ind2=" ">
    <subfield code="a">Pr&#xF3;logo. /</subfield>
    <subfield code="r">Federico Jos&#xE9; &#xC1;lvarez.--</subfield>
    <subfield code="g">Cap&#xED;tulo I.</subfield>
    <subfield code="t">Semblanza de Pablo Guadarrama Gonz&#xE1;lez: fil&#xF3;sofo latinoamericano.--</subfield>
    <subfield code="g">Cap&#xED;tulo II.</subfield>
    <subfield code="t">La filosof&#xED;a: su objetivo y funciones.--</subfield>
    <subfield code="g">Cap&#xED;tulo III.</subfield>
    <subfield code="t">El m&#xE9;todo en la historia de la filosof&#xED;a.--</subfield>
    <subfield code="g">Cap&#xED;tulo IV. </subfield>
    <subfield code="t">La cultura como dial&#xE9;ctica entre lo universal y lo espec&#xED;fico.--</subfield>
    <subfield code="g">Cap&#xED;tulo V. </subfield>
    <subfield code="t">Trayectoria de la filosof&#xED;a en Cuba.--</subfield>
    <subfield code="g">Cap&#xED;tulo VI. </subfield>
    <subfield code="t">El ideario filos&#xF3;fico de Enrique Jos&#xE9; Varona.--</subfield>
    <subfield code="g">Cap&#xED;tulo VII. </subfield>
    <subfield code="t">Mart&#xED;, humanista pr&#xE1;ctico latinoamericano.</subfield>
    <subfield code="g">Cap&#xED;tulo VIII. </subfield>
    <subfield code="t">Hostos y el positivismo sui generis.--</subfield>
    <subfield code="g">Cap&#xED;tulo IX. </subfield>
    <subfield code="t">El positivismo en Am&#xE9;rica Latina.--</subfield>
    <subfield code="t">Cap&#xED;tulo X. </subfield>
    <subfield code="t">Cr&#xED;tica y superaci&#xF3;n del positivismo latinoamericano.--</subfield>
    <subfield code="g">Cap&#xED;tulo XI.</subfield>
    <subfield code="t">Educaci&#xF3;n e investigaci&#xF3;n cient&#xED;fica.--</subfield>
    <subfield code="g">Cap&#xED;tulo XII.</subfield>
    <subfield code="t">Cr&#xED;tica de los reduccionismos epistemol&#xF3;gico.--</subfield>
    <subfield code="g">Cap&#xED;tulo XIII.</subfield>
    <subfield code="t">Cr&#xED;tica del posmodernismo.</subfield>
    <subfield code="g">Cap&#xED;tulo XIV.</subfield>
    <subfield code="t">Marxismo y antimarxismo en Am&#xE9;rica latina.--</subfield>
    <subfield code="g">Cap&#xED;tulo XV.</subfield>
    <subfield code="t">Filosof&#xED;a y marxismo en Colombia.--</subfield>
    <subfield code="g">Cap&#xED;tulo XVI.</subfield>
    <subfield code="t">Democracia y los Derechos Humanos: m&#xE1;s all&#xE1; del occidentalismo.</subfield>
    <subfield code="g">Cap&#xED;tulo XVII.</subfield>
    <subfield code="t">La integraci&#xF3;n latinoamericana.--</subfield>
    <subfield code="g">Cap&#xED;tulo XVIII.</subfield>
    <subfield code="t">Filosof&#xED;a pol&#xED;tica y humanismo en Am&#xE9;rica Latina.--</subfield>
    <subfield code="g">Cap&#xED;tulo XIX.</subfield>
    <subfield code="t">El pensamiento pol&#xED;tico latinoamericano y la cultura de la paz.--</subfield>
    <subfield code="g">Cap&#xED;tulo XX.</subfield>
    <subfield code="t">El marxismo como filosof&#xED;a de la liberaci&#xF3;n.--</subfield>
    <subfield code="g">Cap&#xED;tulo XX.</subfield>
    <subfield code="t">Del socialismo real a la utop&#xED;a.--</subfield>
    <subfield code="t">Conclusiones.--</subfield>
    <subfield code="t">Ep&#xED;logo de &#xC1;ngel Moreta Aguasvivas.--</subfield>
    <subfield code="t">Bibliograf&#xED;a.--</subfield>
    <subfield code="t">Bibliograf&#xED;a de Pablo Guadarrama Gonz&#xE1;lez.</subfield>
  </datafield>
  <datafield tag="590" ind1=" " ind2=" ">
    <subfield code="a">Invenariado 2022 / MF</subfield>
  </datafield>
  <datafield tag="600" ind1=" " ind2="4">
    <subfield code="9">72224</subfield>
    <subfield code="a">Guadarrama Gonz&#xE1;lez, Pablo</subfield>
    <subfield code="d">1949-</subfield>
    <subfield code="v">Biograf&#xED;a</subfield>
  </datafield>
  <datafield tag="650" ind1=" " ind2="4">
    <subfield code="9">44345</subfield>
    <subfield code="a">Autores Cubanos</subfield>
    <subfield code="x">Biograf&#xED;a</subfield>
  </datafield>
  <datafield tag="650" ind1=" " ind2="4">
    <subfield code="9">8956</subfield>
    <subfield code="a">Pensamiento Filos&#xF3;fico</subfield>
    <subfield code="v">Guadarrama Gonz&#xE1;lez, Pablo</subfield>
    <subfield code="z">Cuba</subfield>
  </datafield>
  <datafield tag="910" ind1=" " ind2=" ">
    <subfield code="a">MFeliz</subfield>
  </datafield>
  <datafield tag="942" ind1=" " ind2=" ">
    <subfield code="2">ddc</subfield>
    <subfield code="c">LBS1</subfield>
  </datafield>
  <datafield tag="952" ind1=" " ind2=" ">
    <subfield code="0">0</subfield>
    <subfield code="1">0</subfield>
    <subfield code="2">ddc</subfield>
    <subfield code="5">6</subfield>
    <subfield code="7">0</subfield>
    <subfield code="8">GR</subfield>
    <subfield code="a">BNPHU</subfield>
    <subfield code="b">BNPHU</subfield>
    <subfield code="c">CT</subfield>
    <subfield code="d">2022-10-07</subfield>
    <subfield code="e">Dep&#xF3;sito legal / Editora B&#xFA;ho</subfield>
    <subfield code="o">G897R</subfield>
    <subfield code="p">2022-5460</subfield>
    <subfield code="r">2022-11-16</subfield>
    <subfield code="w">2022-11-16</subfield>
    <subfield code="y">LBS1</subfield>
  </datafield>
  <datafield tag="952" ind1=" " ind2=" ">
    <subfield code="0">0</subfield>
    <subfield code="1">0</subfield>
    <subfield code="2">ddc</subfield>
    <subfield code="5">6</subfield>
    <subfield code="7">0</subfield>
    <subfield code="8">GR</subfield>
    <subfield code="a">BNPHU</subfield>
    <subfield code="b">BNPHU</subfield>
    <subfield code="c">CT</subfield>
    <subfield code="d">2022-10-07</subfield>
    <subfield code="e">Dep&#xF3;sito legal / Editora B&#xFA;ho</subfield>
    <subfield code="o">G897R</subfield>
    <subfield code="p">2022-5461</subfield>
    <subfield code="r">2022-11-16</subfield>
    <subfield code="t">e.2</subfield>
    <subfield code="w">2022-11-16</subfield>
    <subfield code="y">LBS1</subfield>
  </datafield>
  <datafield tag="952" ind1=" " ind2=" ">
    <subfield code="0">0</subfield>
    <subfield code="1">0</subfield>
    <subfield code="2">ddc</subfield>
    <subfield code="5">6</subfield>
    <subfield code="7">0</subfield>
    <subfield code="8">GR</subfield>
    <subfield code="a">BNPHU</subfield>
    <subfield code="b">BNPHU</subfield>
    <subfield code="c">CT</subfield>
    <subfield code="d">2022-10-07</subfield>
    <subfield code="e">Dep&#xF3;sito legal / Editora B&#xFA;ho</subfield>
    <subfield code="o">G897R</subfield>
    <subfield code="p">2022-5462</subfield>
    <subfield code="r">2022-11-16</subfield>
    <subfield code="t">e.3</subfield>
    <subfield code="w">2022-11-16</subfield>
    <subfield code="y">LBS1</subfield>
  </datafield>
  <datafield tag="999" ind1=" " ind2=" ">
    <subfield code="c">52960</subfield>
    <subfield code="d">52960</subfield>
  </datafield>
</record>
